Los estudios universitarios en Cataluña bajo la reacción absolutista y el triunfo liberal hasta la reforma de Pidal (Record no. 114146)

MARC details
000 -LEADER
campo de control de longitud fija 00683nam a2200169 4500
001 - NÚMERO DE CONTROL
campo de control 114146
003 - IDENTIFICADOR DE NÚMERO DE CONTROL
campo de control ES-MaACL
005 - FECHA Y HORA DE LA ÚLTIMA TRANSACCIÓN
campo de control 20230906190103.0
007 - CAMPO FIJO DE DESCRIPCIÓN FÍSICA--INFORMACIÓN GENERAL
campo de control de longitud fija t|
008 - DATOS DE LONGITUD FIJA--INFORMACIÓN GENERAL
campo de control de longitud fija 061121s1974 sp r ||||1| spa d
100 1# - ENTRADA PRINCIPAL--NOMBRE DE PERSONA
Nombre de persona Palomeque Torres, Antonio.
9 (RLIN) 88689
245 14 - MENCIÓN DEL TÍTULO
Título Los estudios universitarios en Cataluña bajo la reacción absolutista y el triunfo liberal hasta la reforma de Pidal
Resto del título : (1824-1845) /
Mención de responsabilidad, etc. Antonio Palomeque Torres.
260 ## - PUBLICACIÓN, DISTRIBUCIÓN, ETC.
Lugar de publicación, distribución, etc. Barcelona :
Nombre del editor, distribuidor, etc. Universidad, Departamento de Historia Contemporánea,
Fecha de publicación, distribución, etc. 1974.
300 ## - DESCRIPCIÓN FÍSICA
Extensión 798 p. ;
Dimensiones 21 cm.
710 2# - ENTRADA AGREGADA--NOMBRE DE ENTIDAD CORPORATIVA
Nombre de entidad corporativa o nombre de jurisdicción como elemento de entrada Universidad de Barcelona.
Unidad subordinada Departamento de Historia Contemporánea.
9 (RLIN) 7143
852 ## - LOCALIZACIÓN
Ubicación ES-MaACL
Número de control de estantería A-8831
Sublocalización o colección R.97809
Holdings
Estatus retirado Estado de pérdida Estado de daño No para préstamo Biblioteca de origen Biblioteca actual Ubicación en estantería Fecha de adquisición Fuente de adquisición Total de préstamos Signatura topográfica completa Código de barras Visto por última vez Precio de reemplazo Tipo de ítem Koha
        Biblioteca del Ateneo de Madrid Biblioteca del Ateneo de Madrid Depósito 1 17/01/2008     A-8831 1119042 23/02/2023 23/02/2023 Libro impreso